00312 2200133 4500001002100000005001500021035002000036245005100056300000800107260003100115082000800146084001200154990001200166INLIS00000000000240220250528121036 a0010-0525000694 aRegurat Bianlala Di PantaI Senggigi /cMira W. a283 aJakarta :bGramedia,c2001 a813 a813 REG a0713420